Guess the city by its landmark - France - Statistics

General Stats
  • This quiz has been taken 41 times
  • The average score is 7 of 12
Answer Stats
Picture Answer % Correct
Paris
100%
Nice
86%
Versailles
77%
Le Mont-Saint-Michel
63%
Strasbourg
63%
Marseille
57%
Carcassonne
51%
Lyon
51%
Lille
37%
Rouen
37%
Bordeaux
34%
Colmar
34%
No matching quizzes found
Score Distribution
Percent of People with Each Score
Percentile by Number Answered
Your Score History
You have not taken this quiz